|
|
|
|
| LEADER |
01944nam a2200409 i 4500 |
| 001 |
EBC5493978 |
| 003 |
MiAaPQ |
| 005 |
20200520144314.0 |
| 006 |
m o d | |
| 007 |
cr cnu|||||||| |
| 008 |
180910s2018 ne o 000 0 eng d |
| 020 |
|
|
|z 9788793519725
|
| 020 |
|
|
|a 9788793519718 (e-book)
|
| 035 |
|
|
|a (MiAaPQ)EBC5493978
|
| 035 |
|
|
|a (Au-PeEL)EBL5493978
|
| 035 |
|
|
|a (OCoLC)1049912698
|
| 040 |
|
|
|a MiAaPQ
|b eng
|e rda
|e pn
|c MiAaPQ
|d MiAaPQ
|
| 050 |
|
4 |
|a RD33.53
|b .S648 2018
|
| 082 |
0 |
|
|a 610.28
|2 23
|
| 245 |
0 |
0 |
|a Soft and stiffness-controllable robotics solutions for minimally invasive surgery :
|b the STIFF-FLOP approach /
|c editors, Jelizaveta Konstantinova [and four others].
|
| 264 |
|
1 |
|a Gistrup, Denmark :
|b River Publishers,
|c [2018]
|
| 264 |
|
4 |
|c 2018
|
| 300 |
|
|
|a 1 online resource (420 pages).
|
| 336 |
|
|
|a text
|b txt
|2 rdacontent
|
| 337 |
|
|
|a computer
|b c
|2 rdamedia
|
| 338 |
|
|
|a online resource
|b cr
|2 rdacarrier
|
| 490 |
1 |
|
|a River Publishers Series in Automation, Control and Robotics
|
| 588 |
|
|
|a Description based on print version record.
|
| 590 |
|
|
|a Electronic reproduction. Ann Arbor, MI : ProQuest, 2018. Available via World Wide Web. Access may be limited to ProQuest affiliated libraries.
|
| 650 |
|
0 |
|a Endoscopic surgery
|x Technological innovations.
|
| 650 |
|
0 |
|a Surgical instruments and apparatus
|x Design and construction.
|
| 655 |
|
4 |
|a Electronic books.
|
| 700 |
1 |
|
|a Konstantinova, Jelizaveta,
|e editor.
|
| 776 |
0 |
8 |
|i Print version:
|t Soft and stiffness-controllable robotics solutions for minimally invasive surgery : the STIFF-FLOP approach.
|d Gistrup, Denmark : River Publishers, c2018
|h 420 pages
|k River Publishers series in automation, control and robotics.
|z 9788793519725
|
| 797 |
2 |
|
|a ProQuest (Firm)
|
| 830 |
|
0 |
|a River Publishers series in automation, control and robotics.
|
| 856 |
4 |
0 |
|u https://ebookcentral.proquest.com/lib/matrademy/detail.action?docID=5493978
|z Click to View
|